000 00224nam a2200085Ia 4500
008 170620s9999 xx 000 0 und d
100 _aMukalel- Joseph C.
245 0 _aGandhian Education
260 _bNew Delhi- Discovery Publishing House
260 _c2004
999 _c24365
_d24365